00599nam a2200193Ia 450000500170000000800410001702000180005804000180007604100080009408200210010210000220012324500740014525000120021926000430023130000290027465000410030365000220034465000390036620230121110700.0210716s2014 xx 000 0 und d a9788131520987 cAIMIT LIBRARY aeng a658.15 21bPARN aParasuraman, N R. aFinancial management : bstep by step approach /cBy N R Parasuraman. a1st ed. aNew Delhi :bCengage Learning ,c2014. axxv,775p. ;bPB.c25 cm. aIntroduction to the world of finance aCapital budgeting aFinancial planning and forecasting